1579 1179 1103 1468 1146 1192 1733 1251 1667 1188 1204 1570 1363 1207 1152 1014 1279 1157 1940 1666 1271 1997 1519 1310 1594 1906 1097 1770 1442 1960 1215 1327 1168 1878 1109 1192 1403 1383 1437 1107 1191 1829 1489 1750 1575 1527 1683 1285 1337 1958 1706 1826 1340 1030 1903 1809 1150 1382 1235 1572 1841 1601 1952 1374 1047 1735 1482 1863 1771 1600 1030 1767 1045 1821 1282 1091 1490 1646 1578 1731 1352 1379 1026 1657 1134 1470 1665 1346 1387 1993 1559 1792 1777 1491 1458 1980 1688 1645 1600 BCNSPRNW ULIB Ver.6.0+V

เปลี่ยนเป็นภาษาไทย

Change to English
 แสดงรายละเอียดบรรณานุกรม
  กลับหน้าหลัก

Brief Record : Get Marc (ISO 2709) : E-mail record : QR code < ปิดหน้าต่าง
LEADER : 00000nam 2200000uu 4500
001    13399109627
003     ULIB
008    110405s2545||||th 000 0 tha d
020    9749507029
060 04 WB537^bพ634น ล.1 2545
100 0  พิศิษฐ เบญจมงคลวารี
245 10 นวดเพื่อผ่อนคลายทั่วร่างกาย /^cโดย พิศิษฐ เบญจมงคลวารี ;บรรณาธิการ, ภัทรวัต เบญจมงคลวารี
250    พิมพ์ครั้งที่ 2
260    กรุงเทพฯ :^bหมอชาวบ้าน,^c2545
300    97 หน้า :^bภาพประกอบ ;^c21 ซม.
440    นวดไทยเพื่อสุขภาพ ;^vล.1
650  7 การนวด
700 0  ภัทรวัต เบญจมงคลวารี,^eบรรณาธิการ
945    ^p95^l0^i018940
945    ^p95^l0^i018939
945    ^p95^l0^i018938
995    ทศพร
999 ^a ใช้งานได้ทุกระบบ
รายการนี้ยังไม่มีแท็ก
คุณยังไม่ได้ล็อกอิน คุณสามารถมีกิจกรรมร่วมกับเว็บไซต์ได้ แต่ต้องล็อกอินก่อน ::
  ล็อกอิน

รายการสื่อสารสนเทศ

ลำดับที่ ประเภท เลขเรียก/บาร์โค้ด สถานที่ สถานะ
- ไม่พบข้อมูล -

รายการใกล้เคียง
    ผู้แต่ง [พิศิษฐ เบญจมงคลวารี]

    หัวเรื่อง [การนวด]

BibComment


ยังไม่เคยถูกคอมเมนท์

คอมเมนท์ทรัพยากรรายการนี้
  คอมเมนท์: นวดเพื่อผ่อนคลายท..


 Copyright 2026. Bcnsprnw @Library